FIFA 20 Top 10 Right Wingers - Statistics

General Stats
  • This quiz has been taken 48 times
  • The average score is 6 of 10
Answer Stats
Rank Player OVA % Correct
1 Lionel Messi 94
100%
2 Mohamed Salah 90
93%
7 Gareth Bale 85
73%
10 Serge Gnabry 84
70%
3 Raheem Sterling 88
68%
5 Angel Di Maria 86
63%
4 Bernardo Silva 87
55%
8 Jadon Sancho 84
43%
9 Ousmane Dembélé 84
43%
6 Koke 85
15%
No matching quizzes found
Score Distribution
Percent of People with Each Score
Percentile by Number Answered
Your Score History
You have not taken this quiz